01292nam a2200241 i 4500003000900000005001700009007000300026008004100029020001500070040003000085082001300115100004300128245014100171264013700312300002900449336002700478337003400505338002800539500003900567504003000606520038100636700003301017DO-SdBNP20240620152014.0ta240620s1997 mx 000 j spa d a9681649109 aDO-SdBNPbspacBNPHUerda bG216222 aGarcía Ugarte, Marta Eugeniaeautora10aGénesis del porvenir :bsociedad y política en Querétaro (1913-1940) /cMarta Eugenia García Ugarte ; prólogo David A. Brading 1aMéxico :bInstituto de Investigaciones sociales/ UNAM,bGobierno del Estado de Querétaro,bFondo de Cultura Económica, c1997. a516 páginas, c23 cm. 2rdacontentatextobtxt 2rdamediaasin mediación bn 2rdacarrieravolumenbnc aIncluye notas a pie de páginas.  aBibliografía p: 507-513 aEste trabajo documenta la historia regional de Querétaro a partir del estallido revolucionario de 1910 hasta el llamado período posrevolucionario. Pasando por alto las causas que decidieron la lucha, el estudio se centra en la crónica política social y económica del entretejimiento de los programas e ideales que animaron la acción contra el gobierno. de Díaz. 1 aBrading, David A.eprólogo